000 00201 a2200097 4500
001 30287
100 _aDuthic Eric
245 _aWild company
260 _aLondon
_bHeinemann
_c
090 _c20231
_d20231
942 _aNUST-CAE
_cM
_c11372
999 _c265360
_d265360